[Event "Torneo Scheveningen"]
[Site "Bernate Ticino ITA"]
[Date "1997.10.21"]
[Round "4"]
[White "Pulito, Alberto"]
[Black "Ranieri, Fabrizio"]
[Result "0-1"]
[WhiteElo "1741"]
[BlackElo "2200"]
[PlyCount "102"]
[EventDate "1997.10.19"]

1. e4 e6 2. d4 d5 3. e5 c5 4. c3 Nc6 5. Nf3 Qb6 6. Bd3 Bd7 7. O-O cxd4 8. cxd4
Nxd4 9. Nxd4 Qxd4 10. Nc3 a6 11. Qe2 Ne7 12. Kh1 Nc6 13. f4 Nb4 14. Bb1 Qc4 15.
Qd1 d4 16. Ne4 Bb5 17. Re1 Rd8 18. a3 Nd3 19. b3 Qxc1 20. Bxd3 Qxd1 21. Bxb5+
axb5 22. Rexd1 Be7 23. a4 O-O 24. Rd3 Rd5 25. Rc1 f5 26. Nd2 bxa4 27. bxa4 Bb4
28. Nf3 Bc3 29. Rb1 h6 30. Rxb7 Ra8 31. Rb6 Kf7 32. Rb7+ Kf8 33. Rb6 Rxa4 34.
h3 Ke7 35. g4 g6 36. Nh4 g5 37. Ng6+ Kf7 38. gxf5 exf5 39. Rf6+ Kg7 40. Ne7 Rb5
41. Nxf5+ Kg8 42. Nxh6+ Kh7 43. Ng4 Rb2 44. Rg3 d3 45. Rf7+ Kg6 46. Rf6+ Kg7
47. Ne3 Ra1+ 48. Rg1 Rxg1+ 49. Kxg1 Bd4 50. fxg5 Bxe3+ 51. Kf1 Rb1+ 0-1

[Event "Torneo Scheveningen"]
[Site "Bernate Ticino ITA"]
[Date "1997.10.21"]
[Round "4"]
[White "Sala, Gianni"]
[Black "Cavallini, Gianfranco"]
[Result "1-0"]
[WhiteElo "1663"]
[BlackElo "2065"]
[PlyCount "39"]
[EventDate "1997.10.19"]

1. e4 e6 2. d4 d5 3. Nc3 dxe4 4. Nxe4 Be7 5. Nf3 Nf6 6. Bd3 Nxe4 7. Bxe4 Nd7 8.
Qe2 c6 9. O-O Qc7 10. Ne5 Nf6 11. Bd3 Bd7 12. c3 O-O 13. Bf4 Rfe8 14. Bg5 c5
15. Bxf6 Bxf6 16. Bxh7+ Kxh7 17. Qh5+ Kg8 18. Qxf7+ Kh7 19. Nxd7 Qd8 20. Nxf6+
1-0

[Event "XVIII C.to Italiano UISP A"]
[Site "Montecatini Terme ITA"]
[Date "1997.12.??"]
[Round "1"]
[White "Adinolfi, Vincenzo"]
[Black "Ragonese, Lucio Rosario"]
[Result "1/2-1/2"]
[WhiteElo "2165"]
[BlackElo "2060"]
[PlyCount "123"]
[EventDate "1997.12.04"]

1. Nf3 d5 2. d4 Nf6 3. c4 c6 4. e3 Bf5 5. Nc3 e6 6. Qb3 Qc7 7. Bd2 Nbd7 8. Rc1
Nb6 9. cxd5 Nbxd5 10. Be2 Nxc3 11. Bxc3 Bd6 12. Bb4 Ne4 13. O-O O-O 14. Bxd6
Nxd6 15. Ne5 Ne4 16. Rfd1 Rfd8 17. Bh5 Nd6 18. a3 g6 19. Be2 h5 20. f3 g5 21.
e4 Bh7 22. Qe3 Qe7 23. Bd3 f6 24. Nc4 Nxc4 25. Bxc4 Kg7 26. Qb3 Bg8 27. a4 Rd7
28. Rd2 Rad8 29. Rcd1 a6 30. Qc3 Qd6 31. e5 fxe5 32. dxe5 Qc5+ 33. Kh1 Rxd2 34.
Rxd2 Rxd2 35. Qxd2 Qxc4 36. Qxg5+ Kf7 37. Qxh5+ Kf8 38. Qh6+ Ke7 39. Qg5+ Kf8
40. h4 Qd3 41. a5 Qf5 42. Qd8+ Kg7 43. Qd4 Bh7 44. Kg1 Bg6 45. Qd7+ Qf7 46. Qd2
Qe7 47. Qd4 Bf7 48. b4 Bg6 49. Kh2 Qf7 50. Qg4 Qf5 51. Qd4 Kh6 52. Qd2+ Kh7 53.
Qd4 Qd3 54. Qc5 Qd7 55. Qe3 Qd8 56. Qf4 Qd5 57. Qg5 Bf5 58. Qe7+ Kg8 59. Qe8+
Kg7 60. Qe7+ Kg8 61. Qe8+ Kg7 62. Qe7+ 1/2-1/2

[Event "XVIII C.to Italiano UISP A"]
[Site "Montecatini Terme ITA"]
[Date "1997.12.??"]
[Round "1"]
[White "Bezzi, Massimo"]
[Black "De Santis, Alessio"]
[Result "0-1"]
[WhiteElo "1933"]
[BlackElo "2185"]
[PlyCount "74"]
[EventDate "1997.12.04"]

1. e4 d6 2. d4 Nf6 3. Nc3 c6 4. Nf3 Bg4 5. Be2 e6 6. O-O d5 7. Bg5 Be7 8. e5
Nfd7 9. Bxe7 Qxe7 10. Qd2 Bxf3 11. Bxf3 O-O 12. Rae1 c5 13. Nb5 cxd4 14. Nc7
Nxe5 15. Nxa8 Nxf3+ 16. gxf3 Nc6 17. c3 dxc3 18. bxc3 Rxa8 19. f4 Qf6 20. Kh1
Rc8 21. Rg1 g6 22. Qe3 b6 23. Rc1 Na5 24. Qe5 Kg7 25. Rge1 Rc4 26. f5 Qxe5 27.
Rxe5 gxf5 28. Rg1+ Kf6 29. Re3 Ra4 30. Ra1 Nb3 31. Rb1 Nd2 32. Ra1 Ra3 33. Re2
Ne4 34. Rc1 Nxc3 35. Re3 d4 36. Rd3 Rxa2 37. Kg2 Ne2 0-1

[Event "XVIII C.to Italiano UISP A"]
[Site "Montecatini Terme ITA"]
[Date "1997.12.??"]
[Round "1"]
[White "Bini, Lorenzo"]
[Black "Vezzosi, Paolo"]
[Result "0-1"]
[WhiteElo "2135"]
[BlackElo "2270"]
[PlyCount "90"]
[EventDate "1997.12.04"]

1. b3 e5 2. Bb2 Nc6 3. d3 d5 4. Nf3 Bd6 5. g3 f5 6. Bg2 Nf6 7. e3 O-O 8. O-O
Qe7 9. a3 a5 10. Nc3 Kh8 11. Nb5 Be6 12. Nxd6 cxd6 13. Rc1 Rfc8 14. Ng5 Bd7 15.
f4 h6 16. Nf3 Kh7 17. h3 g6 18. fxe5 dxe5 19. Nh4 Rf8 20. c4 dxc4 21. bxc4 Rad8
22. d4 exd4 23. exd4 Qe3+ 24. Kh2 Ne4 25. Rf3 Qg5 26. d5 f4 27. g4 Qxh4 28. Qe1
Qxe1 29. Rxe1 Ng5 30. dxc6 Bxc6 31. Re7+ Rf7 32. Rxf7+ Nxf7 33. Rxf4 Rd2 34.
Rxf7+ Kg8 35. Rg7+ Kf8 36. Rxg6 Rxg2+ 37. Kh1 Rxb2+ 38. Kg1 Ra2 39. Rxh6 Rxa3
40. c5 a4 41. Kf2 Rf3+ 42. Ke2 a3 43. h4 Kg7 44. Rd6 Rg3 45. Kf2 Rxg4 0-1

[Event "XVIII C.to Italiano UISP A"]
[Site "Montecatini Terme ITA"]
[Date "1997.12.??"]
[Round "1"]
[White "Ceccatelli, Claudio"]
[Black "Aldrovandi, Costantino"]
[Result "0-1"]
[WhiteElo "1723"]
[BlackElo "2250"]
[PlyCount "80"]
[EventDate "1997.12.04"]

1. f4 Nf6 2. Nf3 d5 3. g3 Bg4 4. Bg2 Nbd7 5. d3 c6 6. O-O Qb6+ 7. e3 g6 8. h3
Bxf3 9. Qxf3 Bg7 10. Kh2 O-O 11. e4 Rad8 12. e5 Ne8 13. b3 Nc7 14. Ba3 Rfe8 15.
Bb2 f6 16. f5 Nxe5 17. Bxe5 fxe5 18. fxg6 Rf8 19. gxh7+ Kh8 20. Qe2 Rxf1 21.
Qxf1 Rf8 22. Qg1 e4 23. c3 Qxg1+ 24. Kxg1 exd3 25. Bf1 e5 26. Bxd3 e4 27. Be2
Kxh7 28. a4 Bh6 29. Ra2 Be3+ 30. Kh1 Rf2 31. Rc2 Ne6 32. Na3 Ng5 33. h4 Nf3 34.
Bxf3 exf3 35. Rxf2 Bxf2 36. Kh2 Kg6 37. Nc2 c5 38. Kh3 Kf5 39. g4+ Kf4 40. g5
Bxh4 0-1

[Event "XVIII C.to Italiano UISP A"]
[Site "Montecatini Terme ITA"]
[Date "1997.12.??"]
[Round "1"]
[White "Del Dotto, Riccardo"]
[Black "Caposciutti, Maurizio"]
[Result "1/2-1/2"]
[WhiteElo "1989"]
[BlackElo "2300"]
[PlyCount "54"]
[EventDate "1997.12.04"]

1. e4 c5 2. Nc3 Nc6 3. g3 g6 4. Bg2 Bg7 5. d3 d6 6. Be3 Rb8 7. Qd2 b5 8. Nd1 b4
9. Ne2 Qb6 10. O-O a5 11. f4 f5 12. Rb1 Nd4 13. Bf2 Nf6 14. exf5 gxf5 15. Ne3
O-O 16. Nc4 Nxe2+ 17. Qxe2 Qc7 18. Rfe1 e6 19. h3 Re8 20. Rbd1 Bb7 21. Bxb7
Rxb7 22. Qf3 d5 23. Ne5 h5 24. Re2 Qd6 25. Nc4 Qe7 26. Ne5 Qd6 27. Nc4 Qe7
1/2-1/2

[Event "XVIII C.to Italiano UISP A"]
[Site "Montecatini Terme ITA"]
[Date "1997.12.??"]
[Round "1"]
[White "Fabiano, Giuseppe"]
[Black "Di Vincenzi, Renato"]
[Result "1-0"]
[WhiteElo "2240"]
[BlackElo "2128"]
[PlyCount "43"]
[EventDate "1997.12.04"]

1. e4 c5 2. Nf3 d6 3. c3 Nf6 4. Be2 Nc6 5. d4 Qc7 6. O-O e5 7. Bg5 Be7 8. d5
Nb8 9. Nbd2 Nbd7 10. Re1 h6 11. Bh4 g5 12. Bg3 Nf8 13. Bb5+ N6d7 14. Nc4 f6 15.
Nfxe5 fxe5 16. Bxe5 dxe5 17. d6 Bxd6 18. Nxd6+ Ke7 19. Nf5+ Kf6 20. Qf3 Ng6 21.
Rad1 Ndf8 22. Nd6+ 1-0

[Event "XVIII C.to Italiano UISP A"]
[Site "Montecatini Terme ITA"]
[Date "1997.12.??"]
[Round "1"]
[White "Leoncini, Mario"]
[Black "Sarno, Spartaco"]
[Result "0-1"]
[WhiteElo "2180"]
[BlackElo "2400"]
[PlyCount "38"]
[EventDate "1997.12.04"]

1. e4 d6 2. d4 Nf6 3. Nc3 g6 4. h3 Bg7 5. Nf3 O-O 6. Be3 a6 7. a4 b6 8. e5 Nfd7
9. e6 fxe6 10. Ng5 Nf6 11. Bc4 d5 12. Be2 Nc6 13. Nf3 Qd6 14. O-O Bb7 15. Qd2
Rac8 16. Bf4 Ne4 17. Nxe4 Qxf4 18. Qxf4 Rxf4 19. Neg5 Rf6 0-1

[Event "XVIII C.to Italiano UISP A"]
[Site "Montecatini Terme ITA"]
[Date "1997.12.??"]
[Round "1"]
[White "Lepri, Livio"]
[Black "Magalotti, Andrea"]
[Result "1-0"]
[WhiteElo "2059"]
[BlackElo "2155"]
[PlyCount "149"]
[EventDate "1997.12.04"]

1. c4 e5 2. Nc3 Nc6 3. Nf3 Nf6 4. g3 d5 5. cxd5 Nxd5 6. Bg2 Nb6 7. O-O Be7 8.
d3 O-O 9. Be3 Be6 10. a3 f5 11. b4 Bf6 12. Rc1 Rf7 13. Na4 Nxa4 14. Qxa4 Bd5
15. b5 Nd4 16. Nxd4 Bxg2 17. Ne6 Qd5 18. Rc5 Qxe6 19. Kxg2 a6 20. Rfc1 Bd8 21.
f3 Qe8 22. Bd2 Rc8 23. Qb3 axb5 24. Rxb5 b6 25. Qd5 c5 26. a4 Bc7 27. Qc4 Ra8
28. a5 bxa5 29. Rxc5 Ra7 30. Qd5 Qd7 31. Qxd7 Rxd7 32. Ra1 a4 33. Bc3 Re7 34.
Rc4 a3 35. Bb4 Rd7 36. Rxa3 Rb7 37. Bc3 Kf7 38. Ra6 Bd6 39. Rcc6 Ke7 40. Bxe5
Bxe5 41. Re6+ Kf7 42. Rxe5 g6 43. Kf2 Rb2 44. Ke3 Rc7 45. f4 Kg7 46. Rd6 Ra2
47. Kf3 Rb2 48. h4 Rf7 49. Rde6 Kh6 50. Re7 Rb7 51. Rxf7 Rxf7 52. d4 Ra7 53. d5
Ra1 54. Re7 Rd1 55. Rd7 Rd4 56. Ke3 Rd1 57. d6 Rd5 58. Kf2 Rd1 59. g4 fxg4 60.
e4 Rd3 61. e5 g3+ 62. Kg2 Kh5 63. Rc7 Kg4 64. Rc2 Kf5 65. Re2 Ke6 66. Re1 h5
67. Rf1 Kf5 68. Rf3 Rd2+ 69. Kxg3 Rd4 70. Kf2 Rd2+ 71. Ke3 Ra2 72. Rf2 Ra3+ 73.
Kd4 Ra1 74. Kd5 Rd1+ 75. Kc6 1-0

[Event "XVIII C.to Italiano UISP A"]
[Site "Montecatini Terme ITA"]
[Date "1997.12.??"]
[Round "1"]
[White "Lucaroni, Massimiliano"]
[Black "Corvi, Marco"]
[Result "1/2-1/2"]
[WhiteElo "2280"]
[BlackElo "2260"]
[PlyCount "97"]
[EventDate "1997.12.04"]

1. e4 Nf6 2. e5 Nd5 3. d4 d6 4. c4 Nb6 5. exd6 cxd6 6. Nc3 g6 7. h3 Bg7 8. Nf3
Nc6 9. Be2 O-O 10. O-O Bf5 11. Be3 d5 12. c5 Nc4 13. Bc1 b6 14. cxb6 axb6 15.
a3 Qd6 16. Nb5 Qd7 17. b3 Nd6 18. Bb2 Rfc8 19. a4 Nxb5 20. Bxb5 Qd6 21. Re1 Qf6
22. Ne5 Nxe5 23. dxe5 Qe6 24. Re2 g5 25. Qd4 Rc7 26. Rc1 Rxc1+ 27. Bxc1 h6 28.
Bb2 Rc8 29. Rd2 f6 30. Qxd5 Qxd5 31. Rxd5 Be6 32. Rd3 fxe5 33. Ba3 Bf6 34. Bd7
Bxd7 35. Rxd7 Kf7 36. Rb7 Rc6 37. f3 Ke6 38. Kf1 h5 39. Ke2 g4 40. fxg4 hxg4
41. hxg4 e4 42. Ke3 Kd5 43. Rd7+ Ke5 44. Bxe7 Rc3+ 45. Kd2 Rxb3 46. Bxf6+ Kxf6
47. Rd5 Ra3 48. Rh5 Rxa4 49. Ke3 1/2-1/2

[Event "XVIII C.to Italiano UISP A"]
[Site "Montecatini Terme ITA"]
[Date "1997.12.??"]
[Round "1"]
[White "Mauro, Alan"]
[Black "Parrella, Alfredo"]
[Result "1-0"]
[WhiteElo "2275"]
[BlackElo "2205"]
[PlyCount "43"]
[EventDate "1997.12.04"]

1. e4 e6 2. d4 d5 3. Nc3 Nf6 4. Bd3 Be7 5. e5 Ng8 6. Qg4 g6 7. h4 h5 8. Qg3 Kf8
9. Nf3 Nc6 10. a3 Bd7 11. Bg5 Rc8 12. Qf4 Kg7 13. O-O-O Na5 14. b4 Nc6 15. Rdg1
Nh6 16. Bxh6+ Rxh6 17. g4 Qh8 18. gxh5 Rxh5 19. Bxg6 fxg6 20. Rxg6+ Kxg6 21.
Rg1+ Bg5 22. Nxg5 1-0

[Event "XVIII C.to Italiano UISP A"]
[Site "Montecatini Terme ITA"]
[Date "1997.12.??"]
[Round "1"]
[White "Ortega, Lexy"]
[Black "Mola, Pietro"]
[Result "1/2-1/2"]
[WhiteElo "2470"]
[BlackElo "2190"]
[PlyCount "84"]
[EventDate "1997.12.04"]

1. d4 Nf6 2. Nf3 e6 3. Bf4 c5 4. e3 Qb6 5. Nc3 d5 6. a3 Be7 7. dxc5 Qxc5 8. Bd3
O-O 9. O-O Nbd7 10. Nb5 Ne8 11. b4 Qb6 12. c4 Bf6 13. c5 Qd8 14. Nbd4 e5 15. c6
exf4 16. cxd7 Bxd7 17. exf4 Bg4 18. Bc2 Bxd4 19. Qxd4 Bxf3 20. gxf3 Nf6 21.
Rfe1 Qb6 22. Rad1 Rfd8 23. Re7 Rac8 24. Qxb6 axb6 25. Bd3 Rb8 26. Rc1 Ne8 27.
Kf1 Kf8 28. Re5 Nf6 29. Rc7 Rdc8 30. Ree7 Rxc7 31. Rxc7 Ne8 32. Rd7 Nf6 33. Rd6
Ra8 34. Ke2 Rxa3 35. Ke3 Ke7 36. Rxb6 Ra7 37. Kd4 h6 38. Bf5 Kd8 39. Rb5 Kc7
40. Rc5+ Kd6 41. Rb5 Kc6 42. Rc5+ Kd6 1/2-1/2

[Event "XVIII C.to Italiano UISP A"]
[Site "Montecatini Terme ITA"]
[Date "1997.12.??"]
[Round "1"]
[White "Passerotti, Pierluigi"]
[Black "Luciani, Valerio"]
[Result "0-1"]
[WhiteElo "2310"]
[BlackElo "2225"]
[PlyCount "90"]
[EventDate "1997.12.04"]

1. d4 f5 2. Bg5 g6 3. e3 Bg7 4. Nd2 Nh6 5. f4 Nf7 6. Bh4 O-O 7. g4 fxg4 8. Qxg4
d6 9. Qg2 Qe8 10. O-O-O Qc6 11. Ngf3 e5 12. fxe5 dxe5 13. Bd3 exd4 14. exd4 Nd6
15. Be7 Re8 16. Rhe1 Bf5 17. Bxd6 Bxd3 18. Rxe8+ Qxe8 19. Ne5 Bf5 20. Qd5+ Be6
21. Qxb7 cxd6 22. Qxa8 dxe5 23. d5 Bf5 24. Nc4 Bf8 25. Qxa7 Nd7 26. d6 Qc8 27.
b3 Qc6 28. Qe3 h5 29. a4 Kh7 30. Kb1 Bh6 31. Qa7 Qe4 32. Qf2 Qb7 33. Ka2 Be6
34. Qe2 Bg4 35. Qf1 Bxd1 36. Qxd1 e4 37. a5 e3 38. Qd3 Nc5 39. Qd4 e2 40. Qe5
Qe4 41. Qxe4 Nxe4 42. d7 Bg5 43. h4 Bxh4 44. a6 e1=Q 45. a7 Bf6 0-1

[Event "XVIII C.to Italiano UISP A"]
[Site "Montecatini Terme ITA"]
[Date "1997.12.??"]
[Round "1"]
[White "Ricci, Marco"]
[Black "Galioto, Natale"]
[Result "0-1"]
[WhiteElo "2215"]
[BlackElo "1822"]
[PlyCount "88"]
[EventDate "1997.12.04"]

1. e4 e6 2. d4 d5 3. Nd2 Nf6 4. e5 Nfd7 5. Bd3 c5 6. c3 Nc6 7. Ne2 Qb6 8. Nf3
cxd4 9. cxd4 f6 10. exf6 Nxf6 11. O-O Bd6 12. Bf4 Bxf4 13. Nxf4 O-O 14. b3 Ne4
15. Ne2 Rxf3 16. gxf3 Ng5 17. Rc1 e5 18. dxe5 Nxf3+ 19. Kg2 Ncxe5 20. Bb1 Qh6
21. Rxc8+ Rxc8 22. Qxd5+ Kh8 23. h3 Qg5+ 24. Ng3 h5 25. Be4 Rf8 26. Bxf3 Rxf3
27. Re1 Rxf2+ 28. Kxf2 Ng4+ 29. hxg4 Qxd5 30. gxh5 Kh7 31. Re2 Kh6 32. Kg1 Kg5
33. Rf2 Kg4 34. Kh2 Qe5 35. Rg2 Kh4 36. Rg1 Qf4 37. Rg2 b6 38. Rg1 Qg4 39. Rg2
Qh3+ 40. Kg1 Qxg3 41. Rxg3 Kxg3 42. a4 Kg4 43. h6 gxh6 44. Kg2 Kf4 0-1

[Event "XVIII C.to Italiano UISP A"]
[Site "Montecatini Terme ITA"]
[Date "1997.12.??"]
[Round "1"]
[White "Scacco, Mauro"]
[Black "Pastres, Roberto"]
[Result "0-1"]
[WhiteElo "2045"]
[BlackElo "2195"]
[PlyCount "98"]
[EventDate "1997.12.04"]

1. e4 c5 2. Nf3 d6 3. d4 cxd4 4. Nxd4 Nf6 5. Nc3 a6 6. Bg5 e6 7. Qf3 Nbd7 8.
O-O-O Qc7 9. Qg3 h6 10. Bxf6 Nxf6 11. Bd3 Bd7 12. f4 O-O-O 13. Kb1 Rg8 14. Nf3
Be7 15. e5 Ne8 16. Rhe1 d5 17. f5 Bb4 18. Ne2 Bxe1 19. Qxe1 Qc5 20. c4 dxc4 21.
Bxc4 Bb5 22. Rxd8+ Kxd8 23. Bxb5 axb5 24. fxe6 fxe6 25. Ned4 Nc7 26. Qa5 Kd7
27. a3 g5 28. Nb3 Qd5 29. Qc3 Kc8 30. Nc5 Rd8 31. h3 b6 32. Nb3 Qe4+ 33. Ka1
Rd3 34. Qc2 Qc4 35. Qxc4 bxc4 36. Nbd2 b5 37. a4 c3 38. bxc3 Rxc3 39. Kb2 b4
40. Ne4 Re3 41. Nd6+ Kd7 42. Nf7 Re2+ 43. Kb3 Rxg2 44. Kxb4 Rg3 45. Nd2 Rxh3
46. a5 g4 47. Nc4 g3 48. Nb6+ Ke7 49. Nd6 g2 0-1

[Event "XVIII C.to Italiano UISP A"]
[Site "Montecatini Terme ITA"]
[Date "1997.12.??"]
[Round "1"]
[White "Sedina, Elena"]
[Black "Casadei, Mauro"]
[Result "1/2-1/2"]
[WhiteElo "2400"]
[BlackElo "2130"]
[PlyCount "51"]
[EventDate "1997.12.04"]

1. e4 e6 2. d3 d5 3. Nd2 c5 4. Ngf3 Nc6 5. g3 Bd6 6. Bg2 Nge7 7. O-O O-O 8. Nh4
f6 9. f4 Bc7 10. c3 Kh8 11. Qe2 b5 12. Ndf3 b4 13. Be3 Bb6 14. Rac1 bxc3 15.
bxc3 a5 16. Rfd1 a4 17. e5 f5 18. Qf2 Ra5 19. Rb1 Ba7 20. c4 Qc7 21. Qe2 Kg8
22. Rdc1 Bd7 23. a3 Rb8 24. Qa2 d4 25. Bd2 Ra6 26. Rb5 1/2-1/2

[Event "XVIII C.to Italiano UISP A"]
[Site "Montecatini Terme ITA"]
[Date "1997.12.??"]
[Round "1"]
[White "Steinfl, Alessandro"]
[Black "Ottavi, Marco"]
[Result "1-0"]
[WhiteElo "2270"]
[BlackElo "1945"]
[PlyCount "47"]
[EventDate "1997.12.04"]

1. d4 e6 2. Nf3 Nf6 3. e3 c5 4. Bd3 b6 5. O-O Nc6 6. c3 Be7 7. e4 cxd4 8. e5
Nd5 9. cxd4 Ndb4 10. Be4 d5 11. exd6 Qxd6 12. Nc3 Ba6 13. Re1 O-O 14. a3 Nd5
15. Bxd5 exd5 16. Qa4 Bc4 17. b3 Bd3 18. Bf4 Qxf4 19. Nxd5 Qh6 20. Nxe7+ Nxe7
21. Rxe7 b5 22. Qa5 Rfc8 23. Rae1 a6 24. Qc3 1-0

[Event "XVIII C.to Italiano UISP A"]
[Site "Montecatini Terme ITA"]
[Date "1997.12.??"]
[Round "1"]
[White "Tencati, Giuseppe"]
[Black "Rossi, Carlo"]
[Result "0-1"]
[WhiteElo "2035"]
[BlackElo "2355"]
[PlyCount "150"]
[EventDate "1997.12.04"]

1. d4 Nc6 2. Nf3 d6 3. c4 Bg4 4. Nc3 g6 5. e3 Bg7 6. Be2 Nf6 7. e4 O-O 8. Be3
Nd7 9. d5 Bxf3 10. Bxf3 Na5 11. Qa4 c5 12. Be2 a6 13. Qc2 Ne5 14. b3 b5 15.
cxb5 axb5 16. Bxb5 Nxb3 17. Qxb3 c4 18. Qc2 Nd3+ 19. Ke2 Qa5 20. Bxc4 Ne5 21.
Bd3 Nxd3 22. Qxd3 Bxc3 23. Rac1 Bg7 24. Rc2 f5 25. Rhc1 Qb4 26. exf5 Ra3 27.
Qc4 Qxc4+ 28. Rxc4 Rxa2+ 29. R1c2 Rxc2+ 30. Rxc2 gxf5 31. Kd3 Ra8 32. Rc7 Ra3+
33. Ke2 Bf6 34. Rc2 Be5 35. h3 Ra5 36. Bg5 Kf7 37. Rc7 Bf6 38. Bxf6 Kxf6 39.
Rc8 Rxd5 40. Rh8 Kg7 41. Re8 e5 42. g4 fxg4 43. hxg4 Rd4 44. f3 Rf4 45. Rd8 Rf6
46. Ke3 h6 47. Rd7+ Kg6 48. Re7 Kg5 49. Re8 Kg6 50. Re7 h5 51. gxh5+ Kxh5 52.
Rg7 Kh6 53. Rg8 Rg6 54. Rf8 Kg7 55. Rd8 Kf7 56. Ke4 Ke7 57. Ra8 Rf6 58. Kd5
Rxf3 59. Ra7+ Kf6 60. Kxd6 Rd3+ 61. Kc5 Kf5 62. Kc4 Rd6 63. Kc5 Rd1 64. Ra4 e4
65. Kc4 Kf4 66. Ra3 e3 67. Ra8 Kf3 68. Rf8+ Ke2 69. Kc3 Rc1+ 70. Kb2 Rc5 71.
Kb3 Ke1 72. Kb2 e2 73. Ra8 Kd2 74. Rd8+ Ke3 75. Re8+ Kf3 0-1

[Event "XVIII C.to Italiano UISP A"]
[Site "Montecatini Terme ITA"]
[Date "1997.12.??"]
[Round "1"]
[White "Unterthurner, Hans"]
[Black "Stefanelli, Luca"]
[Result "1-0"]
[WhiteElo "1863"]
[BlackElo "2270"]
[PlyCount "109"]
[EventDate "1997.12.04"]

1. e4 c5 2. Nf3 Nc6 3. d4 cxd4 4. Nxd4 Nf6 5. Nc3 e5 6. Ndb5 d6 7. Bg5 a6 8.
Na3 b5 9. Nd5 Be7 10. Nxe7 Nxe7 11. Bxf6 gxf6 12. c4 Bb7 13. Bd3 bxc4 14. Nxc4
d5 15. exd5 Qxd5 16. Nd6+ Kf8 17. Be4 Qa5+ 18. Qd2 Qxd2+ 19. Kxd2 Rd8 20. Bxb7
Rxd6+ 21. Kc2 Nf5 22. b3 Kg7 23. Rhd1 Nd4+ 24. Kb2 Rb8 25. Be4 f5 26. Bd3 e4
27. Bxa6 Kf6 28. Rac1 Rbd8 29. Bc4 R8d7 30. Rc3 Ke5 31. Rh3 Ne2 32. Rxd6 Rxd6
33. Kc2 Nf4 34. Rxh7 Nxg2 35. Rxf7 e3 36. fxe3 Nxe3+ 37. Kc3 f4 38. a4 Ke4 39.
a5 f3 40. Re7+ Kf4 41. Rf7+ Ke4 42. Kb4 Rh6 43. Bb5 Nd5+ 44. Kc5 Nf4 45. Re7+
Re6 46. Bc6+ Ke3 47. Rxe6+ Nxe6+ 48. Kb6 f2 49. Bb5 Nd4 50. Bf1 Nxb3 51. a6 Nd2
52. Bb5 Kd4 53. a7 Nc4+ 54. Bxc4 Kxc4 55. a8=Q 1-0

[Event "XVIII C.to Italiano UISP A"]
[Site "Montecatini Terme ITA"]
[Date "1997.12.??"]
[Round "2"]
[White "Aldrovandi, Costantino"]
[Black "Caruso, Augusto"]
[Result "1/2-1/2"]
[WhiteElo "2250"]
[BlackElo "2265"]
[PlyCount "117"]
[EventDate "1997.12.04"]

1. e4 e5 2. Nf3 Nc6 3. Bb5 f5 4. Nc3 fxe4 5. Nxe4 Nf6 6. Nxf6+ Qxf6 7. O-O Nd4
8. Be2 Be7 9. Nxd4 exd4 10. c4 O-O 11. d3 d5 12. b3 dxc4 13. bxc4 Bd6 14. f4
Kh8 15. Bd2 Bf5 16. Rf2 Rae8 17. Bf1 Qg6 18. Qf3 b6 19. Re1 Rxe1 20. Bxe1 Qe8
21. Qd1 b5 22. cxb5 Qxb5 23. Qc2 a5 24. g3 a4 25. Qb2 Qxb2 26. Rxb2 a3 27. Rb5
Be6 28. Bb4 Bxb4 29. Rxb4 Bxa2 30. Ra4 g6 31. Rxa3 Be6 32. Ra4 Rd8 33. Ra6 Bf5
34. Rc6 Ra8 35. Rxc7 Ra3 36. Rc4 Ra1 37. Rc2 Bxd3 38. Rf2 Bf5 39. Kg2 Rd1 40.
Be2 Rd2 41. g4 Bd7 42. Bf3 Rd3 43. Ra2 Be6 44. Re2 Bf7 45. Re7 Kg8 46. Rd7 Be8
47. Bd5+ Kf8 48. Rxh7 Rc3 49. f5 gxf5 50. gxf5 Bc6 51. Bxc6 Rxc6 52. Rd7 Rc5
53. Rxd4 Rxf5 54. Rg4 Rf7 55. h3 Rg7 56. Kg3 Kg8 57. Kf4 Kh7 58. Rxg7+ Kxg7 59.
Kg3 1/2-1/2

[Event "XVIII C.to Italiano UISP A"]
[Site "Montecatini Terme ITA"]
[Date "1997.12.??"]
[Round "2"]
[White "Barro, Carlo"]
[Black "Passerotti, Pierluigi"]
[Result "0-1"]
[WhiteElo "1747"]
[BlackElo "2310"]
[PlyCount "80"]
[EventDate "1997.12.04"]

1. Nf3 Nf6 2. g3 g6 3. Bg2 Bg7 4. d3 d5 5. Nbd2 d4 6. a4 O-O 7. O-O Nc6 8. h3
Nd5 9. Nc4 e5 10. e4 dxe3 11. Nxe3 Nde7 12. c3 a5 13. Re1 Re8 14. Kh2 h6 15.
Nc4 Nf5 16. Qe2 Bd7 17. Bd2 Qe7 18. Rad1 Rad8 19. Bc1 Bc8 20. Nfd2 Nd6 21. Bxc6
bxc6 22. Nxa5 Qe6 23. Qf1 Qa2 24. Nxc6 Rd7 25. b3 Qc2 26. c4 Bb7 27. Nb4 Qc3
28. Ba3 Nf5 29. Na2 Qxd3 30. Qxd3 Rxd3 31. Nb4 Rd7 32. c5 Nd4 33. Bb2 Red8 34.
Bxd4 Rxd4 35. c6 Ba8 36. Na6 Rxd2 37. Rxd2 Rxd2 38. Nxc7 Bxc6 39. Kg1 Bf8 40.
Rc1 Bf3 0-1

[Event "XVIII C.to Italiano UISP A"]
[Site "Montecatini Terme ITA"]
[Date "1997.12.??"]
[Round "2"]
[White "Caposciutti, Maurizio"]
[Black "Beggi, Pierluigi"]
[Result "1-0"]
[WhiteElo "2300"]
[BlackElo "2195"]
[PlyCount "80"]
[EventDate "1997.12.04"]

1. Nf3 Nf6 2. c4 g6 3. b3 Bg7 4. Bb2 O-O 5. g3 d6 6. d4 Na6 7. Bg2 c5 8. O-O
cxd4 9. Nxd4 Nc5 10. Nc3 Rb8 11. Qd2 Ne6 12. Rfd1 a6 13. Rac1 Nxd4 14. Qxd4 Ng4
15. Qd2 Qb6 16. e3 Ne5 17. Nd5 Qd8 18. f4 Nc6 19. Bxg7 Kxg7 20. c5 Bg4 21. Qc3+
f6 22. Rd2 Qc8 23. b4 dxc5 24. Qxc5 Rd8 25. Nxe7 Qe6 26. Nd5 Ne7 27. Nc7 Qf7
28. Rd6 b6 29. Rxb6 Rxb6 30. Qxb6 Rd2 31. Qb7 Qxa2 32. Qe4 Qb2 33. Qxe7+ Kg8
34. Qe8+ Kg7 35. Qe7+ Kh6 36. Qf8+ Kh5 37. Qc5+ f5 38. Be4 Rxh2 39. Rc2 Rxc2
40. Qxc2 Qa1+ 1-0

[Event "XVIII C.to Italiano UISP A"]
[Site "Montecatini Terme ITA"]
[Date "1997.12.??"]
[Round "2"]
[White "Casadei, Mauro"]
[Black "Adinolfi, Vincenzo"]
[Result "0-1"]
[WhiteElo "2130"]
[BlackElo "2165"]
[PlyCount "76"]
[EventDate "1997.12.04"]

1. d4 Nf6 2. c4 g6 3. Nc3 Bg7 4. e4 d6 5. f3 Nbd7 6. Bg5 c6 7. Nh3 Qc7 8. Be2
e5 9. d5 O-O 10. Nf2 a6 11. O-O c5 12. Qd2 Kh8 13. a3 Ng8 14. Bd3 f5 15. exf5
gxf5 16. Qc2 h6 17. Bh4 Nb6 18. a4 Bd7 19. Nfd1 Nc8 20. Ne3 Nce7 21. Ne2 Rf7
22. Be1 Raf8 23. Bc3 f4 24. Nd1 Bf5 25. g4 fxg3 26. Ne3 gxh2+ 27. Kxh2 Bxd3 28.
Qxd3 Rxf3 29. Rxf3 Rxf3 30. Kg2 Rf7 31. Rh1 Qc8 32. Ng3 Qf8 33. Ne4 Ng6 34. Qd1
Nf6 35. Ng5 Nf4+ 36. Kg1 Re7 37. Nf5 Kg8 38. Nh4 hxg5 0-1

[Event "XVIII C.to Italiano UISP A"]
[Site "Montecatini Terme ITA"]
[Date "1997.12.??"]
[Round "2"]
[White "Ciotoli, Patrizio"]
[Black "Sedina, Elena"]
[Result "0-1"]
[WhiteElo "1938"]
[BlackElo "2400"]
[PlyCount "108"]
[EventDate "1997.12.04"]

1. e4 Nf6 2. Nc3 d5 3. exd5 Nxd5 4. Bc4 Nb6 5. Bb3 c5 6. Qh5 e6 7. d3 Nc6 8.
Bg5 Be7 9. Bxe7 Qxe7 10. Nf3 O-O 11. O-O Nd7 12. Rfe1 Nf6 13. Qh4 b6 14. Ng5 h6
15. Nge4 Nd4 16. Nxf6+ Qxf6 17. Qxf6 gxf6 18. Ne2 Nxb3 19. axb3 Bb7 20. Ng3
Rfd8 21. Re3 Kf8 22. Ne2 Ke7 23. Ra4 a5 24. Rh4 b5 25. Nc3 a4 26. bxa4 b4 27.
Ne4 Rxa4 28. Re1 b3 29. cxb3 Rb4 30. Rxh6 Bxe4 31. dxe4 Rxb3 32. Rh3 Rxb2 33.
Rc3 Rdd2 34. Rf1 Kd6 35. h4 Rd4 36. Re1 c4 37. h5 Rb3 38. Rxb3 cxb3 39. h6 Kc5
40. Rc1+ Kb4 41. Rc8 Ka3 42. h7 b2 43. h8=Q b1=Q+ 44. Kh2 Qxe4 45. Qh3+ Ka4 46.
Rh8 f5 47. Rh7 Rd3 48. f3 Qe5+ 49. Qg3 f4 50. Qg7 Qe1 51. Qg5 e5 52. Rxf7 Qf2
53. Rxf4+ exf4 54. Qxf4+ Rd4 0-1

[Event "XVIII C.to Italiano UISP A"]
[Site "Montecatini Terme ITA"]
[Date "1997.12.??"]
[Round "2"]
[White "Corvi, Marco"]
[Black "Ortega, Lexy"]
[Result "0-1"]
[WhiteElo "2260"]
[BlackElo "2470"]
[PlyCount "70"]
[EventDate "1997.12.04"]

1. c4 e6 2. Nf3 d5 3. b3 c5 4. Bb2 d4 5. e3 Nc6 6. exd4 cxd4 7. g3 e5 8. Bg2
Nf6 9. O-O Bd6 10. d3 O-O 11. Re1 Re8 12. a3 a5 13. Nbd2 h6 14. Ne4 Nxe4 15.
dxe4 Nb8 16. Nh4 Na6 17. Nf5 Bf8 18. Bc1 Kh7 19. f4 g6 20. Nh4 exf4 21. e5 Nc5
22. Bd5 Be6 23. Qf3 Bg7 24. Bb2 Bxd5 25. cxd5 Rxe5 26. Rxe5 Bxe5 27. Re1 Bg7
28. b4 axb4 29. axb4 Na4 30. Bc1 Nc3 31. Bxf4 Qxd5 32. Re7 Ra1+ 33. Kg2 g5 34.
Qxd5 Nxd5 35. Rxf7 gxf4 0-1